000 00778nam a2200241Ia 4500
003 GCL
008 140319s9999 xx 000 0 ara d
040 _aGCL /
_cGCL
082 0 4 _a667.3
_bع ص
100 1 _aعبدالكريم درويش
245 1 0 _aالصناعات الكيميائية التجارية الاصبغة والصباغة - صباغة المنسوجات /
_cعبدالكريم درويش
260 _a[S.N] :
_bدار المعرفة ،
_c1992
300 _a172 ص
490 _a
650 0 4 _aالالوان
650 0 4 _aالصباغة
650 0 4 _aالالياف الصناعية
650 0 4 _aالاصباغ
650 0 4 _aكيمياء النسيج
650 0 4 _aالمنسوجات
650 0 4 _aالغزل والنسيج
942 _2ddc
_cBK
999 _c29954
_d29954